Napätia a pretvorenia betónu od vnútorného radiálneho tlaku

Bibliographic Details
Main Authors: Bilčík, Juraj, 1947- (Author), Prechodský, Vladimír (Author)
Format: Article
Language:Slovak
PhysicalDescription:Obr. 9. Res. slov., angl., rus., lit. 15 zázn. v slov., češ., angl., nem., ruš.
Subjects:

MARC

LEADER 00000nab a2200000 a 4500
001 vtls000404182
003 SK-MaSNL
005 20260303160646.0
008 230223c1990 xo 0 slo
015 |a SNBRB19rr/mm-uuuuu 
035 |a CL0404306 
035 |a (urnnbn)urn:nbn:sk:snk:ar-006i3z 
035 |a (uuid)9ed536e0-0131-49b6-8490-b38e7b3c034f 
035 |a urn:nbn:sk:snk-ab85v5 
040 |a SNKBUCL  |b slo  |c SNKBUCL  |e AACR2 
041 0 |a slo 
044 |a xo  |c SK 
080 |a 624.01:624.078.7/.8  |2 1981 
080 |a 624.078.7/.8  |2 1981 
080 |a 624.042  |2 1981 
080 |a 693.564  |2 1981 
080 |a 539.3/.4  |2 1981 
100 1 |a Bilčík, Juraj,  |d 1947-  |4 aut  |9 201774 
245 1 0 |a Napätia a pretvorenia betónu od vnútorného radiálneho tlaku  |c Juraj Bilčík, Vladimír Prechodský 
300 |b Obr. 9. Res. slov., angl., rus., lit. 15 zázn. v slov., češ., angl., nem., ruš. 
650 0 7 |a konštrukcie stavebné  |x tlak radiálny  |x napätie  |x pretvorenie  |2 snkbucl  |9 1181745 
650 0 7 |a výstuž predpínacia  |2 snkbucl  |9 949451 
650 0 7 |a betonárska výstuž  |2 snkbucl  |9 70136 
650 0 7 |a napätie mechanické  |2 snkbucl  |9 948521 
655 7 |a články z novín a časopisov  |2 snkbucl  |9 267496 
700 1 |a Prechodský, Vladimír  |4 aut  |9 1181746 
773 0 |t Stavebnícky časopis  |g Roč. 38, č. 1 (1990), s. 89-99 
850 |a Slovenská národná knižnica v Martine  |a MTA001 
852 |a SNK  |b KIS3GCP 
954 |a odborná, vedecká literatúra pôvodná (slovenská)  |2 lita 
958 |a NB 
958 |a RK 
958 |a OND 
958 |a EUIPO 
958 |a article9 
992 |a RBX 
999 |c 2046821  |d 2048751